| 000 | 00835cgm a2200253 4500 | ||
|---|---|---|---|
| 001 | B3206 | ||
| 008 | 090401t1983 xxu||||| |||| 00| 0 eng d | ||
| 035 | _a(Sirsi) u54721 | ||
| 041 | _aeng | ||
| 050 |
_a692.2 _c18 |
||
| 100 | _aAnstey, J. S. C. K. | ||
| 245 |
_aParty walls _h[sound recording] |
||
| 260 |
_aLondon _bRICS _c1983 |
||
| 300 | _a1 audio cassette (ca. 60 min.) | ||
| 350 | _a10 | ||
| 490 | _aOwlion Audio Programme | ||
| 520 | _aA clear and precise presentation of party wall legislation and procedure, both in and outside London, produced by two of the foremost practitioners in this field. | ||
| 690 |
_aBoundary disputes _96221 |
||
| 700 | _aAnderson, J. B. | ||
| 710 |
_aCollege of Estate Management _9400 |
||
| 710 |
_aRoyal Institution of Chartered Surveyors _94900 |
||
| 942 | _n0 | ||
| 948 | _c04/03/1997 | ||
| 999 |
_c85296 _d85296 |
||